University Home | Library Home | Institutional Repository

Le culte du moi. (Record no. 80607)

MARC details
000 -LEADER
fixed length control field 00740cam4a220024100 4500
001 - CONTROL NUMBER
control field tmp15345121
003 - CONTROL NUMBER IDENTIFIER
control field UPRA
005 - DATE AND TIME OF LATEST TRANSACTION
control field 20190816085609.0
008 - FIXED-LENGTH DATA ELEMENTS--GENERAL INFORMATION
fixed length control field 950801s1922 fr fre u
035 ## - SYSTEM CONTROL NUMBER
System control number (Sirsi) r123829
035 ## - SYSTEM CONTROL NUMBER
System control number (UPRA)tmp15345121
040 ## - CATALOGING SOURCE
Transcribing agency UPRA
100 1# - MAIN ENTRY--PERSONAL NAME
Personal name Barres, Maurice, 1862-1923.
Dates associated with a name Barres, Maurice, 1862-1923.
Linkage A91955.1
245 13 - TITLE STATEMENT
Title Le culte du moi.
260 ## - PUBLICATION, DISTRIBUTION, ETC.
Place of publication, distribution, etc. [Paris] :
Name of publisher, distributor, etc. Plon,
Date of publication, distribution, etc. 1922.
440 #0 - SERIES STATEMENT/ADDED ENTRY--TITLE
Title Livre de poche
Linkage S322.1
505 0# - FORMATTED CONTENTS NOTE
Formatted contents note Sous l'oeil des Barbares -- Un homme libre -- Le jardin de Berenice.
740 0# - ADDED ENTRY--UNCONTROLLED RELATED/ANALYTICAL TITLE
Uncontrolled related/analytical title Sous l'oeil des Barbares.
740 3# - ADDED ENTRY--UNCONTROLLED RELATED/ANALYTICAL TITLE
Uncontrolled related/analytical title Un homme libre.
740 3# - ADDED ENTRY--UNCONTROLLED RELATED/ANALYTICAL TITLE
Uncontrolled related/analytical title Le jardin de Berenice.
949 ## - LOCAL PROCESSING INFORMATION (OCLC)
a PQ2603.A52
w lcc
i -178020
m MAIN
t BOOK
l ON-SHELF

No items available.

© 2026 - The University of Zambia Library - Koha v25.11